Safety and health in agriculture sixth item on the agenda : report 6 (2) : International Labour Conference, 88th session 2000

Bibliographic Details
Corporate Author: Medzinárodná organizácia práce (Author)
Format: Book
Language:English
PhysicalDescription:vii, 188 s. 24 cm
Published: Geneva International Labour Office 2000
ISBN:9221115240
Subjects:

MARC

LEADER 00000nam a2200000 a 4500
001 vtls001383155
003 SK-MaSNL
005 20260302074127.0
008 251124s2000 CH r 0 eng
020 |a 9221115240  |c [658,00] 
035 |a SNK000337228 
040 |a SNK  |b slo  |c SNK  |e AACR2 
044 |a CH 
080 |a 061.2(100):331  |2 1981 
110 0 |a Medzinárodná organizácia práce  |4 aut  |9 18131 
245 1 |a Safety and health in agriculture  |b sixth item on the agenda : report 6 (2) : International Labour Conference, 88th session 2000 
260 |a Geneva  |b International Labour Office  |c 2000 
300 |a vii, 188 s.  |c 24 cm 
610 0 7 |a Medzinárodná organizácia práce  |a Ženeva, Švajčiarsko  |x zasadnutia  |x materiály MOP  |2 SNK  |9 739371 
611 1 7 |a Medzinárodná organizácia práce  |a Ženeva, Švajčiarsko  |x zasadnutia  |x materiály MOP  |2 SNK  |9 739372 
919 |a 92-2-111524-0 
999 |c 1163797  |d 1165727 
952 |t P60, <04>, [BOOK], {604}  |a SNK  |b SNK  |y VYP  |7 0  |p 17A0230405  |o snkIC 128451  |i snkV 418/2000  |0 0  |1 0  |4 0  |d 2000-03-07  |l 0  |r 2005-01-02 00:00:00  |w 2026-02-24